[Event "21st TCh-RUS 2014"]
[Site "Loo RUS"]
[Date "2014.04.09"]
[Round "3.3"]
[Board "3"]
[White "Frolyanov, Dmitry"]
[Black "Khismatullin, Denis"]
[Result "0-1"]
[WhiteTitle "GM"]
[BlackTitle "GM"]
[WhiteElo "2578"]
[BlackElo "2681"]
[WhiteTeam "Lada (Samara region)"]
[BlackTeam "Yugra (KhMAO)"]
[WhiteFideId "4151976"]
[BlackFideId "4142578"]
[EventDate "2014.04.07"]

1. e4 c6 2. d4 d5 3. exd5 cxd5 4. c4 Nf6 5. Nc3 Nc6 6. Bg5 Be6 7. a3 Qd7 8. Be2
Rd8 9. c5 Ne4 10. Be3 g6 11. Nf3 Bg7 12. O-O Nxc5 13. dxc5 d4 14. Nxd4 Nxd4 15.
Bxd4 Qxd4 16. Bb5+ Kf8 17. Rc1 Be5 18. Qxd4 Bxd4 19. b4 Kg7 20. Be2 Be5 21. g3
Rd2 22. Rfe1 Rhd8 23. Bc4 Bxc4 24. Rxe5 Be6 25. Re3 Rb2 26. Ne4 Rd4 27. Rce1 h6
28. h4 Bg4 29. Kg2 Bd7 30. Kg1 Bc6 31. Nc3 e6 32. Kf1 a6 33. Rd1 Rc4 34. Rc1 a5
35. Ke1 axb4 36. axb4 Rbxb4 37. Ne2 Rxc1+ 38. Nxc1 Rc4 39. Nb3 Bd5 40. Kd1 Kf6
41. Kd2 Ke7 42. Rd3 Rb4 43. Nd4 Kd7 44. f4 Kc7 45. Ke3 f6 46. Rc3 Kd7 47. Nc2
Ra4 48. Nd4 e5 49. fxe5 fxe5 50. Nf3 Ke6 51. Nd2 Ra1 52. Kf2 Bc6 53. Rd3 Bd5 54.
Rc3 Rd1 55. Nc4 Bc6 56. Ne3 Rd2+ 57. Ke1 Rd4 58. Rb3 e4 59. Ke2 Rd3 60. Rb4 Rc3
61. Rd4 Rxc5 62. Rd8 Ra5 63. Rg8 Ra2+ 64. Ke1 Kf7 65. Rc8 h5 66. g4 Rh2 67. gxh5
gxh5 68. Nf5 Kf6 69. Nd4 Bd7 70. Rc7 Bg4 71. Nc2 b5 72. Kf1 Ke5 73. Ne3 Bf3 0-1

[Event "21st TCh-RUS 2014"]
[Site "Loo RUS"]
[Date "2014.04.09"]
[Round "3.3"]
[Board "4"]
[White "Rublevsky, Sergei"]
[Black "Yakovich, Yuri"]
[Result "1-0"]
[WhiteTitle "GM"]
[BlackTitle "GM"]
[WhiteElo "2706"]
[BlackElo "2539"]
[WhiteTeam "Yugra (KhMAO)"]
[BlackTeam "Lada (Samara region)"]
[WhiteFideId "4115309"]
[BlackFideId "4100654"]
[EventDate "2014.04.07"]

1. e4 c5 2. Nf3 d6 3. d4 cxd4 4. Nxd4 Nf6 5. Nc3 a6 6. Be2 e6 7. f4 Be7 8. O-O
O-O 9. Kh1 Qc7 10. a4 Nc6 11. Be3 Nxd4 12. Qxd4 Bd7 13. e5 Ne8 14. Bd3 Bc6 15.
Bf2 Rd8 16. Qe3 g6 17. a5 Ng7 18. Qe2 Qb8 19. Bb6 Rd7 20. Be4 Bxe4 21. Qxe4 Rc8
22. Rad1 Rc6 23. Qd3 Qc8 24. Ne4 d5 25. c3 Ne8 26. Ng5 Ng7 27. g4 h5 28. h3 Bxg5
29. fxg5 Rc4 30. Bd4 Qd8 31. Rf6 Qxa5 32. Rdf1 Qd8 33. R1f4 a5 34. b3 Rc6 35.
gxh5 Nxh5 36. Rh4 Qf8 37. Rxh5 gxh5 38. g6 Rcc7 39. Qg3 Qg7 40. gxf7+ Rxf7 41.
Rg6 Rf5 42. Kh2 b5 43. Rxg7+ Rxg7 44. Qd3 a4 45. bxa4 bxa4 46. Qa6 Rg6 47. Qxa4
Rfg5 48. Qe8+ Kg7 49. Qe7+ Kg8 50. Qd8+ Kg7 51. Qd7+ Kg8 52. Qc8+ Kg7 53. Qb7+
Kg8 54. Qb2 Kh7 55. Qe2 Rf5 56. Bf2 Rfg5 57. Bh4 Rf5 58. Qe3 Rg7 59. Bf6 Rg8 60.
Qc5 Rf3 61. h4 Rg4 62. Qe7+ Kg6 63. Qe8+ 1-0

[Event "21st TCh-RUS 2014"]
[Site "Loo RUS"]
[Date "2014.04.09"]
[Round "3.3"]
[Board "5"]
[White "Geller, Jakov"]
[Black "Riazantsev, Alexander"]
[Result "0-1"]
[WhiteTitle "GM"]
[BlackTitle "GM"]
[WhiteElo "2504"]
[BlackElo "2688"]
[WhiteTeam "Lada (Samara region)"]
[BlackTeam "Yugra (KhMAO)"]
[WhiteFideId "4151984"]
[BlackFideId "4125029"]
[EventDate "2014.04.07"]

1. e4 e6 2. d4 d5 3. Nc3 Nf6 4. Bg5 Be7 5. e5 Nfd7 6. Bxe7 Qxe7 7. f4 a6 8. Nf3
c5 9. Qd2 Nc6 10. dxc5 Nxc5 11. Qe3 b5 12. a3 Bb7 13. b4 Nd7 14. Bd3 d4 15. Nxd4
Ndxe5 16. fxe5 Qh4+ 17. Qf2 Qxd4 18. Qxd4 Nxd4 19. Ne4 Ke7 20. a4 Bd5 21. axb5
axb5 22. O-O Nc6 23. Nd6 Nxe5 24. Nxb5 Nxd3 25. cxd3 Rhb8 26. Nc7 Rxa1 27. Nxd5+
exd5 28. Rxa1 Rxb4 29. Ra2 Rf4 30. g3 Rf3 31. Ra3 h5 32. Kg2 Re3 33. Kf2 d4 34.
Rb3 Kf6 35. h3 g6 36. Kg2 Kg5 37. Rb5+ f5 38. Rb6 h4 39. gxh4+ Kh5 40. Rb7 Kxh4
41. Rb6 Rg3+ 42. Kf2 Kxh3 43. Rd6 g5 0-1

[Event "21st TCh-RUS 2014"]
[Site "Loo RUS"]
[Date "2014.04.09"]
[Round "3.3"]
[Board "6"]
[White "Pridorozhni, Aleksei"]
[Black "Predke, Alexandr"]
[Result "1-0"]
[WhiteTitle "GM"]
[WhiteElo "2519"]
[BlackElo "2491"]
[WhiteTeam "Yugra (KhMAO)"]
[BlackTeam "Lada (Samara region)"]
[WhiteFideId "4127870"]
[BlackFideId "24107581"]
[EventDate "2014.04.07"]

1. e4 e5 2. Nc3 Nf6 3. g3 d5 4. exd5 Nxd5 5. Bg2 Nxc3 6. bxc3 Nc6 7. Nf3 Bc5 8.
O-O O-O 9. Re1 Qf6 10. d3 e4 11. Rxe4 Qxc3 12. Rb1 Bb6 13. Rc4 Qf6 14. Bg5 Qf5
15. a4 Be6 16. Rb5 Bd5 17. Bf4 Rad8 18. Ng5 h6 19. g4 Qf6 20. Rxd5 hxg5 21. Rf5
Qe6 22. Re4 Qa2 23. Bxg5 Rd6 24. Bf4 Rd4 25. Be3 Rxa4 26. Rxa4 Qxa4 27. Rf4 Qb5
28. c4 Qb2 29. c5 Ba5 30. d4 Nb4 31. Be4 c6 32. g5 Nd5 33. Qh5 Qa1+ 34. Kg2 g6
35. Bxg6 Nxe3+ 36. fxe3 Qa2+ 37. Kh3 Qe6+ 38. Bf5 1-0

[Event "21st TCh-RUS 2014"]
[Site "Loo RUS"]
[Date "2014.04.09"]
[Round "3.4"]
[Board "1"]
[White "Nepomniachtchi, Ian"]
[Black "Smirnov, Pavel"]
[Result "1/2-1/2"]
[WhiteTitle "GM"]
[BlackTitle "GM"]
[WhiteElo "2732"]
[BlackElo "2624"]
[WhiteTeam "SHSM our inheritance (Moscow)"]
[BlackTeam "Polytechnic (Nizhny Tagil)"]
[WhiteFideId "4168119"]
[BlackFideId "4123425"]
[EventDate "2014.04.07"]

1. e4 c5 2. Nf3 d6 3. Bb5+ Nd7 4. O-O Nf6 5. d4 cxd4 6. Qxd4 a6 7. Bxd7+ Bxd7 8.
c4 e5 9. Qd3 b5 10. Na3 Bc6 11. Re1 Qb6 12. Bg5 Ng4 13. Bh4 Be7 14. Qd2 f6 15.
cxb5 axb5 16. Nc2 Qb7 17. Qe2 O-O 18. Nb4 d5 19. Nxc6 Qxc6 20. h3 dxe4 21. Qxe4
Qxe4 22. Rxe4 Nh6 23. Nxe5 Nf5 24. Nf3 Ra4 25. Re2 Rfa8 26. g4 Nxh4 27. Nxh4 Bf8
28. a3 b4 29. Kg2 bxa3 30. bxa3 Rxa3 31. Rxa3 Rxa3 32. Nf5 Ra8 33. Rc2 Ra7 34.
Nd4 Kf7 35. Nf5 Kg8 36. Nd4 Kf7 37. Nf5 Kg8 1/2-1/2

[Event "21st TCh-RUS 2014"]
[Site "Loo RUS"]
[Date "2014.04.09"]
[Round "3.4"]
[Board "5"]
[White "Popov, Ivan RUS"]
[Black "Vokarev, Sergey"]
[Result "1-0"]
[WhiteTitle "GM"]
[BlackTitle "GM"]
[WhiteElo "2651"]
[BlackElo "2468"]
[WhiteTeam "SHSM our inheritance (Moscow)"]
[BlackTeam "Polytechnic (Nizhny Tagil)"]
[WhiteFideId "4170350"]
[BlackFideId "4119711"]
[EventDate "2014.04.07"]

1. e4 c5 2. Nf3 Nc6 3. d4 cxd4 4. Nxd4 Nf6 5. Nc3 g6 6. Be3 Bg7 7. Nxc6 bxc6 8.
e5 Nd5 9. Nxd5 cxd5 10. Qxd5 Rb8 11. O-O-O Qc7 12. f4 d6 13. Bb5+ Bd7 14. Bxd7+
Qxd7 15. Bd4 O-O 16. exd6 Rb5 17. Qe4 Bxd4 18. Rxd4 exd6 19. Rhd1 Rb6 20. b3 Rc8
21. f5 Rbc6 22. R1d2 Qc7 23. Kb1 Rd8 24. f6 h6 25. Qf4 Kh7 26. R4d3 Qa5 27. Re2
Qc5 28. Rh3 h5 29. Qe4 Kg8 30. Rg3 Rc7 31. h4 d5 32. Qf4 d4 33. Rg5 Qc3 34. Rxh5 1-0

[Event "21st TCh-RUS 2014"]
[Site "Loo RUS"]
[Date "2014.04.09"]
[Round "3.4"]
[Board "6"]
[White "Pogromsky, Mikhail"]
[Black "Potkin, Vladimir"]
[Result "0-1"]
[WhiteTitle "IM"]
[BlackTitle "GM"]
[WhiteElo "2418"]
[BlackElo "2617"]
[WhiteTeam "Polytechnic (Nizhny Tagil)"]
[BlackTeam "SHSM our inheritance (Moscow)"]
[WhiteFideId "4184688"]
[BlackFideId "4131061"]
[EventDate "2014.04.07"]

1. d4 d5 2. c4 c6 3. Nf3 Nf6 4. e3 Bg4 5. Nc3 e6 6. h3 Bh5 7. g4 Bg6 8. Ne5 Nbd7
9. Nxg6 hxg6 10. g5 Ne4 11. Nxe4 dxe4 12. h4 Qa5+ 13. Bd2 Bb4 14. a3 Bxd2+ 15.
Qxd2 Qxd2+ 16. Kxd2 f5 17. gxf6 gxf6 18. Bg2 f5 19. f3 exf3 20. Bxf3 Ke7 21.
Rag1 Kf6 22. b4 e5 23. c5 a6 24. Rg5 exd4 25. exd4 Rad8 26. Rg3 Nf8 27. Kc3 Ne6
28. Rhg1 Rh6 29. d5 cxd5 30. Rd1 Nf4 31. Rh1 Rdh8 32. a4 Rxh4 33. Rxh4 Rxh4 34.
b5 axb5 35. axb5 g5 36. b6 g4 37. Bd1 Rh1 38. c6 bxc6 39. Kd4 0-1

[Event "21st TCh-RUS 2014"]
[Site "Loo RUS"]
[Date "2014.04.09"]
[Round "3.5"]
[Board "1"]
[White "Fedoseev, Vladimir3"]
[Black "Prizant, Jaroslav"]
[Result "1/2-1/2"]
[WhiteTitle "GM"]
[BlackTitle "IM"]
[WhiteElo "2663"]
[BlackElo "2521"]
[WhiteTeam "SDYUSSHOR SHSH Chigorin Chess Club"]
[BlackTeam "Moscow region"]
[WhiteFideId "24130737"]
[BlackFideId "4140664"]
[EventDate "2014.04.07"]

1. e4 c5 2. Nf3 d6 3. Bb5+ Nd7 4. c3 Nf6 5. d3 a6 6. Ba4 e5 7. O-O Be7 8. Nbd2
O-O 9. Re1 b5 10. Bc2 Re8 11. Nf1 Bb7 12. a3 Bf8 13. c4 g6 14. Bd2 Nh5 15. Ne3
Nf4 16. b4 Ne6 17. Rb1 Nd4 18. a4 cxb4 19. axb5 a5 20. Nxd4 exd4 21. Nf1 Nc5 22.
Ng3 Bg7 23. f4 Bc8 24. Qf3 Ra7 25. f5 Qh4 26. Rf1 Be5 27. Qd1 gxf5 28. exf5 Bb7
29. Be1 Kh8 30. f6 Rg8 31. Rf5 Qg4 32. Qxg4 Rxg4 33. Bd2 Bxg3 34. hxg3 Rxg3 35.
Rf2 Rg6 36. Bf4 Rxf6 37. Be5 dxe5 38. Rxf6 Kg7 39. Rbf1 Ba8 40. Rb6 a4 41. Rb8
b3 1/2-1/2

[Event "21st TCh-RUS 2014"]
[Site "Loo RUS"]
[Date "2014.04.09"]
[Round "3.5"]
[Board "2"]
[White "Chernobay, Artem"]
[Black "Goganov, Aleksey"]
[Result "1/2-1/2"]
[WhiteTitle "GM"]
[BlackTitle "GM"]
[WhiteElo "2501"]
[BlackElo "2587"]
[WhiteTeam "Moscow region"]
[BlackTeam "SDYUSSHOR SHSH Chigorin Chess Club"]
[WhiteFideId "4167406"]
[BlackFideId "24109959"]
[EventDate "2014.04.07"]

1. e4 e5 2. Nf3 Nc6 3. Bb5 Nf6 4. O-O Nxe4 5. Re1 Nd6 6. Nxe5 Be7 7. Bd3 O-O 8.
Nc3 Nxe5 9. Rxe5 c6 10. b3 Ne8 11. Bb2 d5 12. Qf3 Bf6 13. Re2 Nc7 14. Na4 Bxb2
15. Nxb2 Ne6 16. c3 Qd6 17. Bc2 Bd7 18. d4 Rae8 19. Rae1 f6 20. h4 Qf4 21. Qxf4
Nxf4 22. Rxe8 Rxe8 23. Rxe8+ Bxe8 24. Kf1 Bg6 25. Bxg6 hxg6 26. g3 Ne6 27. Ke2
Kf7 28. Nd3 g5 29. hxg5 Nxg5 30. f3 Ne6 31. Ke3 Ke7 32. Nf4 Nxf4 33. Kxf4 g6 34.
g4 Ke6 35. Ke3 g5 36. f4 Kd6 37. fxg5 fxg5 38. Kd3 b5 39. b4 Ke6 40. Ke3 Kd6 41.
Kd3 1/2-1/2

[Event "21st TCh-RUS 2014"]
[Site "Loo RUS"]
[Date "2014.04.09"]
[Round "3.5"]
[Board "3"]
[White "Rozum, Ivan"]
[Black "Nozdrachev, Vladislav"]
[Result "0-1"]
[WhiteTitle "IM"]
[BlackTitle "IM"]
[WhiteElo "2532"]
[BlackElo "2491"]
[WhiteTeam "SDYUSSHOR SHSH Chigorin Chess Club"]
[BlackTeam "Moscow region"]
[WhiteFideId "24104272"]
[BlackFideId "24113441"]
[EventDate "2014.04.07"]

1. d4 Nf6 2. c4 e6 3. Nf3 b6 4. g3 Bb7 5. Bg2 g6 6. O-O Bg7 7. Qc2 O-O 8. Nc3 d5
9. Ne5 Qc8 10. cxd5 Nxd5 11. Nxd5 exd5 12. Bf4 c5 13. Rac1 Qe6 14. Nf3 Nd7 15.
Qd2 Rfe8 16. Rfe1 Nf6 17. Ng5 Qe7 18. Be5 Rac8 19. b3 h6 20. Nf3 Ne4 21. Qb2 f6
22. Bf4 g5 23. Be3 f5 24. Qa3 f4 25. gxf4 gxf4 26. Bxf4 cxd4 27. Qxe7 Rxe7 28.
Rxc8+ Bxc8 29. e3 d3 30. Rd1 Ba6 31. Bf1 Nc3 32. Rd2 Ne2+ 33. Kg2 Re6 34. Ng1
Nxf4+ 35. exf4 Bc3 36. Rxd3 Bxd3 37. Bxd3 Re1 38. Ne2 Rd1 39. Bb5 Bf6 40. Ng3
Rd2 41. a4 Bh4 42. Nf5 Rxf2+ 43. Kh3 Bg5 44. Kg3 Rxf4 45. Ne7+ Kf7 46. Nxd5 Rd4
47. Bc4 Kg7 48. h3 Bf6 49. Kf3 Be5 50. Ne7 Kf6 51. Nc6 Rd7 52. Kg4 Bc3 53. Kh5
Rc7 54. Nd8 Bd2 55. Kg4 Ke5 0-1

[Event "21st TCh-RUS 2014"]
[Site "Loo RUS"]
[Date "2014.04.09"]
[Round "3.5"]
[Board "4"]
[White "Iljiushenok, Ilia"]
[Black "Makarov, Marat"]
[Result "0-1"]
[BlackTitle "GM"]
[WhiteElo "2429"]
[BlackElo "2511"]
[WhiteTeam "Moscow region"]
[BlackTeam "SDYUSSHOR SHSH Chigorin Chess Club"]
[WhiteFideId "24105074"]
[BlackFideId "4101103"]
[EventDate "2014.04.07"]

1. e4 c5 2. Nf3 d6 3. d4 cxd4 4. Nxd4 Nf6 5. Nc3 a6 6. Bg5 Nbd7 7. Qe2 h6 8. Bh4
g6 9. f4 e5 10. Nf3 Bg7 11. O-O-O Qc7 12. g3 Nb6 13. Qd3 Bg4 14. h3 Bxf3 15.
Qxf3 Nh7 16. g4 exf4 17. Bf2 Be5 18. h4 Rc8 19. Bd3 Nf6 20. Ne2 Na4 21. c3 Nd7
22. Bc2 b5 23. Nxf4 Nxc3 24. bxc3 Bxf4+ 25. Kb1 Be5 26. Bd4 O-O 27. Bb3 Nc5 28.
Rd2 Nxb3 29. axb3 Bxd4 30. cxd4 Qc3 31. Rd3 Qc2+ 32. Ka1 a5 33. Rb1 b4 34. Rb2
Qc1+ 35. Ka2 Rc2 36. Rxc2 Qxc2+ 37. Ka1 Qc1+ 38. Ka2 Rc8 0-1

[Event "21st TCh-RUS 2014"]
[Site "Loo RUS"]
[Date "2014.04.09"]
[Round "3.5"]
[Board "5"]
[White "Alekseenko, Kirill"]
[Black "Sarana, Alexey"]
[Result "1/2-1/2"]
[WhiteTitle "FM"]
[WhiteElo "2462"]
[BlackElo "2372"]
[WhiteTeam "SDYUSSHOR SHSH Chigorin Chess Club"]
[BlackTeam "Moscow region"]
[WhiteFideId "4135539"]
[BlackFideId "24133795"]
[EventDate "2014.04.07"]

1. e4 e5 2. Nf3 Nc6 3. Bb5 a6 4. Ba4 Nf6 5. O-O Be7 6. Bxc6 dxc6 7. d3 Nd7 8.
Nbd2 O-O 9. b3 Nc5 10. Bb2 f6 11. d4 exd4 12. Nxd4 Ne6 13. Nf5 Bc5 14. Qe2 b6
15. Rad1 Qe8 16. Kh1 Ng5 17. Ng3 a5 18. f4 Nf7 19. Nf3 a4 20. c4 axb3 21. axb3
Ra2 22. Ra1 Rxa1 23. Bxa1 Qe7 24. Bc3 Re8 25. Qb2 Bb4 26. Bd4 Bc5 27. Re1 Bxd4
28. Nxd4 c5 29. Ndf5 Bxf5 30. Nxf5 Qd7 31. h3 Qd3 32. Qa1 g6 33. Re3 Qd2 34.
Qxf6 gxf5 35. Rg3+ Kf8 36. e5 Qxf4 37. Qg7+ Ke7 38. Qf6+ Kf8 39. Qg7+ Ke7 40.
Qf6+ 1/2-1/2

[Event "21st TCh-RUS 2014"]
[Site "Loo RUS"]
[Date "2014.04.09"]
[Round "3.5"]
[Board "6"]
[White "Ofitserian, Boris"]
[Black "Usmanov, Vasily"]
[Result "1-0"]
[WhiteElo "2109"]
[BlackElo "2416"]
[WhiteTeam "Moscow region"]
[BlackTeam "SDYUSSHOR SHSH Chigorin Chess Club"]
[WhiteFideId "24199443"]
[BlackFideId "4135741"]
[EventDate "2014.04.07"]

1. d4 Nf6 2. c4 e6 3. g3 d5 4. Bg2 Be7 5. Nf3 O-O 6. O-O dxc4 7. Qc2 a6 8. a4
Bd7 9. Rd1 Bc6 10. Nc3 Bb4 11. Bg5 Nbd7 12. d5 exd5 13. Nxd5 Be7 14. Nxf6+ Bxf6
15. Ne5 Qc8 16. Bxf6 Nxf6 17. Nxc6 bxc6 18. Qxc4 Rb8 19. Rab1 a5 20. Qxc6 Qe8
21. Qxe8 Rfxe8 22. Rd2 g6 23. Rc1 Red8 24. Rxd8+ Rxd8 25. Bf3 Rd2 26. Rxc7 Rxb2
27. Ra7 Kg7 28. Rxa5 Ra2 29. Ra7 g5 30. h3 h5 31. g4 Kg6 32. gxh5+ Nxh5 33. Be4+
f5 34. Ra6+ Nf6 35. Bd3 Kg7 36. Ra5 g4 37. hxg4 fxg4 38. Kg2 Kh6 39. Kg3 Ra1 40.
Rf5 Nh5+ 41. Kh4 Rh1+ 42. Kxg4 Rg1+ 43. Kf3 Ng7 44. Rb5 Ne8 45. a5 Ra1 46. Rb6+
Kg5 47. Rg6+ Kh5 48. a6 1-0

[Event "21st TCh-RUS 2014"]
[Site "Loo RUS"]
[Date "2014.04.09"]
[Round "3.6"]
[Board "1"]
[White "Grishchenko, Sergey1"]
[Black "Chekhov, Sergei"]
[Result "1/2-1/2"]
[WhiteTitle "FM"]
[BlackTitle "IM"]
[WhiteElo "2436"]
[BlackElo "2477"]
[WhiteTeam "Atom (Desnogorsk)"]
[BlackTeam "Turbopump (Voronezh region)"]
[WhiteFideId "4136730"]
[BlackFideId "4195639"]
[EventDate "2014.04.07"]

1. d4 Nf6 2. c4 e6 3. Nf3 b6 4. a3 Bb7 5. Nc3 d5 6. cxd5 Nxd5 7. Qc2 Be7 8. e4
Nxc3 9. bxc3 O-O 10. Bd3 c5 11. Qe2 Nd7 12. O-O Rc8 13. Bb2 Nf6 14. Nd2 Bc6 15.
f4 g6 16. Rae1 cxd4 17. cxd4 Nh5 18. Nc4 Bb5 19. Rd1 Qc7 20. Ne5 Bxd3 21. Rxd3
Nf6 22. Re1 Rfd8 23. f5 exf5 24. exf5 Nd5 25. fxg6 hxg6 26. Rf1 Bf6 27. Qe4 Rd6
28. Rdf3 Qc2 29. Qg4 Rcd8 30. Ba1 Qc8 31. Qe4 Qe6 32. h4 Bxe5 33. dxe5 f5 34.
Qe1 R6d7 35. h5 Rf8 36. Rg3 Rg7 37. Rxg6 Rxg6 38. hxg6 Ne7 39. Qh4 Nxg6 40. Qg5
f4 41. Rd1 Rf5 42. Rd8+ Kh7 43. Qg4 Rxe5 44. Rd7+ Kh6 45. Qxe6 Rxe6 46. Bg7+ 1/2-1/2

[Event "21st TCh-RUS 2014"]
[Site "Loo RUS"]
[Date "2014.04.09"]
[Round "3.6"]
[Board "2"]
[White "Oparin, Grigoriy"]
[Black "Baghdasaryan, Vahe"]
[Result "1/2-1/2"]
[WhiteTitle "GM"]
[BlackTitle "IM"]
[WhiteElo "2542"]
[BlackElo "2359"]
[WhiteTeam "Turbopump (Voronezh region)"]
[BlackTeam "Atom (Desnogorsk)"]
[WhiteFideId "24125890"]
[BlackFideId "13303139"]
[EventDate "2014.04.07"]

1. e4 c5 2. Nf3 e6 3. d4 cxd4 4. Nxd4 a6 5. Nc3 Qc7 6. Be2 Nf6 7. O-O Nc6 8. Be3
Bb4 9. Na4 Be7 10. Nxc6 bxc6 11. Nb6 Rb8 12. Nxc8 Qxc8 13. Bd4 c5 14. Be5 Rb6
15. Qd3 d6 16. Bc3 O-O 17. b3 Qc6 18. e5 Nd5 19. Bf3 Qb5 20. Qxb5 axb5 21. exd6
Bxd6 22. Bb2 Nb4 23. Bd1 Rd8 24. a4 bxa4 25. Rxa4 Be7 26. Be5 Bd6 27. Bb2 Be7
28. c3 Nd3 29. Ba3 Bf6 30. Bc2 g5 31. g3 Bxc3 32. Rd1 Rbd6 33. Rxd3 Rxd3 34.
Bxd3 Rxd3 35. Bxc5 e5 36. h4 h6 37. hxg5 hxg5 38. Be3 Bd4 39. Bxd4 exd4 40. Kf1
Rxb3 41. Rxd4 1/2-1/2

[Event "21st TCh-RUS 2014"]
[Site "Loo RUS"]
[Date "2014.04.09"]
[Round "3.6"]
[Board "3"]
[White "Simonian, Tigran"]
[Black "Sivuk, Vitaly"]
[Result "1-0"]
[WhiteTitle "IM"]
[BlackTitle "IM"]
[WhiteElo "2427"]
[BlackElo "2519"]
[WhiteTeam "Atom (Desnogorsk)"]
[BlackTeam "Turbopump (Voronezh region)"]
[WhiteFideId "13303597"]
[BlackFideId "14116502"]
[EventDate "2014.04.07"]

1. d4 Nf6 2. c4 g6 3. Nc3 d5 4. Nf3 Bg7 5. Qb3 dxc4 6. Qxc4 O-O 7. e4 Na6 8. a3
c5 9. d5 e6 10. Bg5 exd5 11. Nxd5 Be6 12. O-O-O Bxd5 13. Rxd5 Qa5 14. Bxf6 Bxf6
15. e5 Bg7 16. Qb5 Qxb5 17. Bxb5 Rfc8 18. Bxa6 bxa6 19. Kc2 Rab8 20. Rhd1 f6 21.
Nd2 fxe5 22. Ne4 c4 23. Rd7 c3 24. bxc3 Rc4 25. f3 Ra4 26. Rd8+ Rxd8 27. Rxd8+
Bf8 28. Rxf8+ Kxf8 29. Kb3 Rxe4 30. fxe4 Ke7 31. Kb4 Kd6 32. Ka5 Kc5 33. Kxa6
Kc4 34. Kxa7 Kd3 35. c4 Kxe4 36. c5 Kd5 37. Kb6 e4 38. c6 e3 39. c7 e2 40. c8=Q
e1=Q 41. Qc6+ Kd4 42. Qa4+ Kd5 43. Qb5+ Kd6 44. Qb4+ Kd5 1-0

[Event "21st TCh-RUS 2014"]
[Site "Loo RUS"]
[Date "2014.04.09"]
[Round "3.6"]
[Board "4"]
[White "Bortnyk, Olexandr"]
[Black "Shahinyan, David"]
[Result "1-0"]
[WhiteTitle "IM"]
[BlackTitle "FM"]
[WhiteElo "2495"]
[BlackElo "2362"]
[WhiteTeam "Turbopump (Voronezh region)"]
[BlackTeam "Atom (Desnogorsk)"]
[WhiteFideId "14120828"]
[BlackFideId "13304380"]
[EventDate "2014.04.07"]

1. e4 e5 2. Nf3 Nc6 3. Bc4 Bc5 4. c3 Nf6 5. b4 Bb6 6. d3 d6 7. h3 Ne7 8. O-O O-O
9. Nbd2 Ng6 10. Bb3 c6 11. Re1 h6 12. d4 Re8 13. Qc2 exd4 14. cxd4 d5 15. e5 Nh5
16. Nf1 Nh4 17. N1h2 Bf5 18. Qd1 Be4 19. Ng5 Bg6 20. Qg4 Nf5 21. Ngf3 Nf6 22.
exf6 Rxe1+ 23. Nxe1 Bxd4 24. Rb1 Qxf6 25. Nhf3 Bc3 26. Bc2 Re8 27. Bd2 Bxd2 28.
Nxd2 Qc3 29. Bxf5 Bxf5 30. Qxf5 Qxd2 31. Nf3 Qxa2 32. Rf1 Re7 33. Qc8+ Kh7 34.
Qf8 Re4 35. Qxf7 Rxb4 36. Re1 Qc2 37. Ng5+ 1-0

[Event "21st TCh-RUS 2014"]
[Site "Loo RUS"]
[Date "2014.04.09"]
[Round "3.6"]
[Board "5"]
[White "Pogosian, Georgy"]
[Black "Demidov, Mikhail"]
[Result "0-1"]
[WhiteTitle "FM"]
[BlackTitle "IM"]
[WhiteElo "2241"]
[BlackElo "2498"]
[WhiteTeam "Atom (Desnogorsk)"]
[BlackTeam "Turbopump (Voronezh region)"]
[WhiteFideId "4119088"]
[BlackFideId "4197143"]
[EventDate "2014.04.07"]

1. d4 d5 2. Nf3 Nf6 3. Bf4 c5 4. c3 Qb6 5. Qb3 c4 6. Qc2 g6 7. h3 Bf5 8. Qc1 Nc6
9. e3 Bg7 10. Be2 O-O 11. O-O Qa5 12. Nbd2 b5 13. a3 Qb6 14. Bd1 Nd7 15. Bc2
Bxc2 16. Qxc2 f5 17. Kh1 a6 18. Rg1 Rae8 19. b3 e5 20. dxe5 Bxe5 21. Bh6 Bg7 22.
Bxg7 Kxg7 23. bxc4 dxc4 24. a4 Nde5 25. axb5 axb5 26. Rgb1 f4 27. Nd4 fxe3 28.
Rxb5 Nxd4 0-1

[Event "21st TCh-RUS 2014"]
[Site "Loo RUS"]
[Date "2014.04.09"]
[Round "3.6"]
[Board "6"]
[White "Kostin, Alexey"]
[Black "Parfenov, Viktor N."]
[Result "1-0"]
[WhiteTitle "IM"]
[WhiteElo "2283"]
[BlackElo "2194"]
[WhiteTeam "Turbopump (Voronezh region)"]
[BlackTeam "Atom (Desnogorsk)"]
[WhiteFideId "4120736"]
[BlackFideId "4165969"]
[EventDate "2014.04.07"]

1. e4 e6 2. d4 d5 3. Nc3 Bb4 4. e5 c5 5. Qg4 Ne7 6. dxc5 Nbc6 7. Nf3 O-O 8. Bd3
f5 9. exf6 Rxf6 10. Bg5 Rf7 11. Qh4 h6 12. Bd2 e5 13. Nxe5 Qe8 14. O-O Nf5 15.
Bxf5 Qxe5 16. Bxc8 Rxc8 17. Rae1 Qd4 18. Qxd4 Nxd4 19. Nxd5 Bxd2 20. Ne7+ Rxe7
21. Rxe7 Rxc5 22. c3 Nf5 23. Rxb7 a5 24. Rd1 Bg5 25. g3 Bf6 26. a4 1-0

[Event "21st TCh-RUS 2014"]
[Site "Loo RUS"]
[Date "2014.04.10"]
[Round "4.1"]
[Board "1"]
[White "Karjakin, Sergey"]
[Black "Jobava, Baadur"]
[Result "1/2-1/2"]
[WhiteTitle "GM"]
[BlackTitle "GM"]
[WhiteElo "2772"]
[BlackElo "2706"]
[WhiteTeam "Malachite (Sverdlovsk region)"]
[BlackTeam "University (Belorechensk)"]
[WhiteFideId "14109603"]
[BlackFideId "13601520"]
[EventDate "2014.04.07"]

1. e4 e6 2. d4 d5 3. Nd2 Bd7 4. Ngf3 dxe4 5. Nxe4 Bc6 6. Bd3 Nd7 7. O-O Ngf6 8.
Ng3 g6 9. c4 Bg7 10. d5 exd5 11. Re1+ Kf8 12. Nd4 Kg8 13. Qc2 Nf8 14. Nxc6 bxc6
15. Qa4 Qd6 16. cxd5 cxd5 17. Bf4 Qb6 18. Be3 c5 19. b4 Qxb4 20. Qc6 Re8 21.
Qxc5 Qxc5 22. Bxc5 Ne6 23. Rac1 h5 24. Bxa7 Ra8 25. Bb6 h4 26. Nf1 h3 27. Bb1
hxg2 28. Kxg2 d4 29. Bc7 Bh6 30. Be5 Bxc1 31. Bxf6 Nf4+ 32. Kh1 Bb2 33. Bxh8
Kxh8 34. Rd1 Bc3 35. Ng3 f5 36. Kg1 Rb8 37. Kf1 Rb2 38. Bd3 Rxa2 39. Ne2 Nxe2
40. Bxe2 Kg7 41. Bc4 Rb2 42. Kg2 Kf6 43. Kf3 Rb4 44. Bd3 Rb3 45. Rb1 Ra3 46. h4
Ba5 47. Ke2 Ra2+ 48. Kf3 Rd2 49. Bc4 Bd8 50. Rb8 Ke7 51. Rb5 Rc2 52. Bd3 Rc3 53.
Ke2 Kd6 54. h5 gxh5 55. Rxf5 h4 56. Rf3 Rc1 57. Rf4 Ke5 58. Rf5+ Ke6 59. Rh5 Bf6
60. Bf5+ Kd6 61. Be4 Rg1 62. Rd5+ Ke6 63. Rh5 Bg5 64. Kd3 Ke5 65. Bb7 Kf5 66.
Kxd4 Kg6 67. Bf3 Ra1 68. Kd3 Ra3+ 69. Ke2 Rxf3 1/2-1/2